| 000 | 01420nam a2200217Ia 4500 | ||
|---|---|---|---|
| 001 | 10532 | ||
| 003 | GE_BSU | ||
| 008 | 181216s||||||||xx |||||||||||||| ||und|| | ||
| 020 | _a9789941201523 | ||
| 040 | _cGE_BSU | ||
| 080 | _a69.05 | ||
| 100 | _aბაქანიძე,შ. სამხარაძე,ლ. პირმისაშვილი,ვ. | ||
| 245 | _aრეკომენდაციები ადგილობრივი მსუბუქშემვსებიანი ბეტონებით მოწყობილი თბოსაიზოლაციო შრის მინიმალური სისქის დადგენის თაობაზე საქართველოს პირობებისათვის. | ||
| 260 | _aთბილისი | ||
| 260 | _bტექნიკური უნივერსიტეტი. | ||
| 260 | _c2012. | ||
| 300 | _a23გვ.; 20სმ. | ||
| 541 | _h10ლ. | ||
| 653 | _aრეკომენდაციები ადგილობრივი მსუბუქშემვსებიანი ბეტონებით მოწყობილი თბოსაიზოლაციო შრის მინიმალური სისქის დადგენის თაობაზე საქართველოს პირობებისათვის. | ||
| 942 | _cBK | ||
| 999 |
_c43787 _d43787 |
||